Logan Morris - Statistics

General Stats
  • This quiz has been taken 21 times
  • The average score is 6 of 15
Answer Stats
Hint Answer % Correct
What is Logan's favourite side of the bed? Left
82%
What pick was Logan taken at? 31
76%
How many goals did Logan kick in his first VFL game? (For the Lions) 4
71%
What Coates Talent League club did Logan play for? Western Jets
71%
Logan has a background in? Basketball
65%
What was Logan's first club? Spotswood
65%
What is Logan's birthday? 10th of May
47%
What is Logan's height? 191 CM
29%
What is Logan's favourite gym exercise? Bench
29%
What is Logan's favourite AFL team growing up? Western Bulldogs
24%
What is Logan's secondary school? Mackillop college
18%
What is Logan's favourite hobby? Golf
12%
What is Logan's favourite song? It's about time
12%
What is Logan's favourite food? Steak
12%
What is Logan's favourite movie? Happy Gilmore
6%
No matching quizzes found
Score Distribution
Percent of People with Each Score
Percentile by Number Answered
Your Score History
You have not taken this quiz